LEADER 01362nam a2200337 a 4500 001 000000126902 003 CaOOAMICUS 005 20111109093752.0 008 111109s2001 it u000 u ita r 020 $a88-430-1993-7 040 $aPUL$bita 082 04$a035 100 1 $aPierlorenzi, Claudio.$0(OLS)http://pul/name/80985 245 12$aL'alcolismo :$bprospettive di ricerca e di intervento /$cClaudio Pierlorenzi, Alessandro Senni. 250 $aNuova ed. aggiornata. 260 $aRoma :$bCarocci,$c©2001. 300 $a190 p. ;$c22 cm. 490 1 $aQuality paperbacks ;$v25 504 $aBibliografia: p. 173-190. 650 14$aAlcoolismo.$0(OLS)http://pul/subject/22880 700 1 $aSenni, Alessandro.$0(OLS)http://pul/name/80986 830 0$aQuality paperbacks (Carocci) ;$v25.$0(OLS)http://pul/title/103487 850 $aPUL 852 $aPUL$W1$xDP2 Cons. Gen., Altre Classi 3$y97$m035 COLL 1.25$j146730$qDDC 21$B145425$CPULBib$Z2$F145425 $H116122 $82 941 1 $a9 960 $aAlcolismo$922880 996 $6020$a88-430-1993-7$9(OLS)http://pul/number/148450 996 $6082$a035$9(OLS)http://pul/classification/471 996 $6245$aL'alcolismo :$bprospettive di ricerca e di intervento$9(OLS)http://pul/title/160311 996 $6260$aRoma :$bCarocci$9(OLS)http://pul/publisher/66917 LEADER 01336nam a2200337 a 4500 001 000000159833 003 CaOOAMICUS 005 20170403152250.0 008 170403s2016 it u000 u ita r 020 $a978-88-14-21190-4* 032 $aLibriCat 040 $aPUL$bita 082 04$a346.45 100 1 $aBianca, Massimo Cesare.$0(OLS)http://pul/name/66378 245 10$aIstituzioni di diritto privato /$cC.Massimo Bianca; con la collaborazione di Mirzia Bianca. 250 $aRistampa aggiornata. 260 $aPadova :$bCEDAM,$c©2016. 300 $aXXX, 955 p. ; $c25 cm. 500 $aInclude indici. 504 $aBibliografia in nota a piè pagina. 650 4$aDiritto privato$zItalia.$0(OLS)http://pul/subject/1235 700 1 $aBianca, Mirzia.$0(OLS)http://pul/name/86917 850 $aPUL 852 $aPUL$W1$xDP2 Diritto e Scienze Sociali 3$y110$m346. 45 BIAMA 3$j183416$qDDC 21$B186622$CPULBib$Z2$F186622 $H129227 $82 900 $aBianca, Cesare Massimo$966378 941 1 $a9 996 $6020$a978-88-14-21190-4*$9(OLS)http://pul/number/162310 996 $6082$a346.45$9(OLS)http://pul/classification/372 996 $6245$aIstituzioni di diritto privato$9(OLS)http://pul/title/53737 996 $6260$aPadova :$bCEDAM$9(OLS)http://pul/publisher/48126